000 01324cam a22002655a 4500
001 L160175
008 181010s2018 xxk f 001 0 eng d
020 _a9781783213184
035 _a(Sirsi) u160175
041 0 _aeng
050 0 4 _a692.5 $2 18
110 2 _aBuilding Cost Information Service
245 0 0 _aAlterations and refurbishment price book
_bMaintenance and operating costs
_b2019
250 _a24th ed.
260 _aPoole
_bBCIS
_c2018
300 _a1
_c30 cm.
520 _aFocuses on small to medium sized projects, generally working within an existing building and reflecting the increase in costs brought about the reduction in output, smaller discounts, increased carriage, increased supervision, and less productivity brought about by smaller economies of scale, increased production costs, more difficult access and the possibility of working in occupied premises. New items for 2017 minor repair and replacements to sanitary ware, minor repair and replacements to plumbing installations and an expanded range of floor finishes items and waterproof membranes items.
520 _aSupersedes 23nd ed 9781783212019
521 _aAdvanced
590 _aKA
651 4 _aUnited Kingdom
690 _aBUILT ENVIRONMENT-BUILDING COSTS
690 _aQuantity surveying
_96263
942 _n0
999 _c116260
_d116260